| LEADER | 01225nam a2200241 4500 | ||
|---|---|---|---|
| 082 | |a 895.922132 |b H450X | ||
| 100 | |a Hồ Xuân Hương | ||
| 245 | |a Hồ Xuân Hương thơ và đời |c Hoàng Xuân tuyển chọn, Lữ Huy Nguyên giới thiệu | ||
| 260 | |a H. |b Văn học |c 1995 | ||
| 300 | |a 317 tr. |c 19 cm | ||
| 520 | |a v.v... | ||
| 653 | |a Văn học hiện đại | ||
| 653 | |a Thế kỷ 20 | ||
| 653 | |a Việt Nam | ||
| 653 | |a Thơ | ||
| 653 | |a Đời sống | ||
| 653 | |a Nhà thơ | ||
| 942 | |2 ddc |c STK0 | ||
| 999 | |c 2397 |d 2397 | ||
| 952 | |0 0 |1 0 |2 ddc |4 0 |6 895_922132000000000_H450X |7 1 |8 800 |9 31371 |a qbu |b qbu |c D5 |d 2014-12-13 |g 20000 |o 895.922132 H450X |p 3735.c1 |r 2015-10-27 |w 2014-12-13 |y STK0 | ||
| 952 | |0 0 |1 0 |2 ddc |4 0 |6 895_922132000000000_H450X |7 0 |8 800 |9 31372 |a qbu |b qbu |c D5 |d 2014-12-13 |g 20000 |l 6 |m 2 |o 895.922132 H450X |p 3735.c2 |r 2018-01-12 |s 2018-01-04 |w 2014-12-13 |y STK0 | ||
| 952 | |0 0 |1 0 |2 ddc |4 0 |6 895_922132000000000_H450X |7 0 |8 800 |9 31373 |a qbu |b qbu |c D5 |d 2014-12-13 |g 20000 |l 5 |m 1 |o 895.922132 H450X |p 3735.c3 |r 2018-03-15 |s 2018-03-07 |w 2014-12-13 |y STK0 | ||
| 952 | |0 0 |1 0 |2 ddc |4 0 |6 895_922132000000000_H450X |7 0 |8 800 |9 31374 |a qbu |b qbu |c D5 |d 2014-12-13 |g 20000 |l 2 |m 1 |o 895.922132 H450X |p 3735.c4 |r 2016-12-02 |s 2016-11-22 |w 2014-12-13 |y STK0 | ||